000
00317nam a2200133Ia 4500
100
_a
American Society for Matals
942
_c
RB
654
_a
Weilding Of HSLA
245
_a
Weilding of HSLA (microalloyed Structural Sheets)
260
_b
ASM
_a
Ohio
_c
1978
082
_a
672.52
300
_a
795
546
_a
ENGLISH
999
_c
22085
_d
22085